| 000 | 00390cam a2200157ua 4500 | ||
|---|---|---|---|
| 041 |
_aeng _h |
||
| 082 |
_a537 _bHAD/MA |
||
| 100 | _aHadley, H E . | ||
| 245 |
_aMagnetism of electricity for beginners / _cH E Hadley. _hTextual Documents |
||
| 250 |
_a2 / _b. |
||
| 260 |
_aLondon : _bMcMillon & Co Ltd , _c1945. |
||
| 300 | _a378 ; . | ||
| 504 | _a | ||
| 942 | _cBK | ||
| 999 |
_c9073 _d9073 |
||